Modern Hindi grammar / (Record no. 179771)

MARC details
000 -LEADER
fixed length control field 00673nam a22002057a 4500
005 - DATE AND TIME OF LATEST TRANSACTION
control field 20210707164756.0
010 ## - LCCN (DPL NO)
LC control number B-740589
020 ## - INTERNATIONAL STANDARD BOOK NUMBER
International Standard Book Number 8186323368
Terms of availability 700.00
035 ## - SYSTEM CONTROL NUMBER
System control number B-740589
037 ## - SOURCE OF ACQUISITION
Source of stock number/acquisition Gift
082 ## - DEWEY DECIMAL CLASSIFICATION NUMBER
Classification number 425
100 ## - MAIN ENTRY--PERSONAL NAME
Personal name Koul, Omkar N.
245 ## - TITLE STATEMENT
Title Modern Hindi grammar /
Statement of responsibility, etc by Omkar N. Kaul
260 ## - PUBLICATION, DISTRIBUTION, ETC. (IMPRINT)
Name of publisher, distributor, etc Indian Institute of Language Studies
Date of publication, distribution, etc 2009
Place of publication, distribution, etc Delhi
270 ## - ADDRESS
Address C-13, Greenview, 33 Sector-9, Rohini
City Delhi
Postal code 110085
300 ## - PHYSICAL DESCRIPTION
Extent 326p.
Dimensions 22cm(Hb)
500 ## - GENERAL NOTE
General note include bibliographical references
942 ## - ADDED ENTRY ELEMENTS (KOHA)
Source of classification or shelving scheme Dewey Decimal Classification
Item type English Books
Call number suffix KOU
Classification part 425
Holdings
Withdrawn status Lost status Not for loan Collection code Home library Current library Date acquired Source of acquisition Cost, normal purchase price Full call number Barcode Copy number Cost, replacement price Koha item type Public note
      Non-fiction Central Library Central Library 07/07/2021 Gift/Eng/07-07-2021 700.00 425 KOU B-740589 1 700.00 English Books Gift

© Delhi Public Library
Hit Counter
free hit counter